Construcciones antisísmicas: criterio para su cálculo y diseño
保存先:
| 第一著者: | |
|---|---|
| フォーマット: | 図書 |
| 言語: | スペイン語 |
| 出版事項: |
Ciudad de México
Continental
1968
|
| 主題: | |
| タグ: |
タグ追加
タグなし, このレコードへの初めてのタグを付けませんか!
|
MARC
| LEADER | 00000nam a2200000 a 4500 | ||
|---|---|---|---|
| 001 | UCU7511 | ||
| 003 | CL-VaPUC | ||
| 008 | 960705e19680100MX |||||||||||||||||spa|d | ||
| 082 | 0 | 4 | |a 693.852 |b CRE |2 21 |
| 100 | 0 | |a Creixell M., José |e author |9 366382 | |
| 245 | 1 | 0 | |a Construcciones antisísmicas: criterio para su cálculo y diseño |
| 300 | |a 167 p | ||
| 942 | |c BK | ||
| 945 | |d 19960705 00:00:00 |a cmena | ||
| 260 | |a Ciudad de México |b Continental |c 1968 | ||
| 650 | 0 | |a Edificios |9 260501 | |
| 650 | 0 | |a Estructuras-construcción |9 262358 | |
| 650 | 0 | |a Materiales de construcción |9 260197 | |
| 650 | 7 | |a TECNOLOGIA DE LA CONSTRUCCION |2 CL-VaPUC |9 260196 | |
| 650 | 0 | |a Terremotos |9 267728 | |
| 650 | 0 | |a Control de calidad |9 259714 | |
| 583 | |a last modification |c 19960705 00:00:00 |k Rodrigo Vera | ||
| 999 | |c 250137 |d 250135 | ||
| 952 | |0 0 |1 0 |4 0 |6 693_852000000000000_CRE_1968 |7 0 |8 A |9 267961 |a BIBING |b BIBING |d 2019-11-19 |i 1704168 |o 693.852 CRE 1968 |p 1704168 |r 2025-01-20 |w 2019-11-19 |y BK |k CCL | ||